[Event "Cochabamba GP op 4th"]
[Site "Cochabamba"]
[Date "2023.09.09"]
[Round "6"]
[White "Achocalla Huaipara, Pavel Andres"]
[Black "Omonte Uno, Cristhian"]
[Result "1-0"]
[WhiteElo "1456"]
[BlackElo "1066"]
[PlyCount "67"]
[EventDate "2023.09.07"]
[EventType "swiss"]
[EventRounds "7"]
[EventCountry "BOL"]
[SourceTitle "EXT 2024"]
[Source "ChessBase"]
[SourceDate "2023.10.10"]
[SourceVersion "1"]
[SourceVersionDate "2023.10.10"]
[SourceQuality "1"]

1. e4 c6 2. Nf3 d5 3. Nc3 dxe4 4. Nxe4 Bf5 5. Ng3 Bg4 6. Be2 e6 7. 0-0 Bd6 8. Ne4 Nf6 9. Nxd6+ Qxd6 10. d4 Nbd7 11. a4 h5 12. h3 a5 13. b3 Nd5 14. Qd2 f6 15. c4 Ne7 16. Ba3 Qc7 17. Nh4 Bxe2 18. Qxe2 e5 19. Bxe7 Kxe7 20. Ng6+ Kf7 21. Nxh8+ Rxh8 22. Rad1 g5 23. Rfe1 Qb6 24. dxe5 Nxe5 25. Qc2 g4 26. c5 Qc7 27. hxg4 hxg4 28. Rd6 Qe7 29. Red1 g3 30. Qf5 gxf2+ 31. Kxf2 Kg8 32. Rd8+ Kf7 33. R1d7 Nxd7 34. Rxd7 1-0